Score 0/18 Timer 01:30
0 Plays Today
Hint Answer % Correct
Replace the 'O'There aren't any!!
100%
Replace the 'B'FOX
95.9%
Replace the 'B'COX
94.4%
Replace the 'B'LOX
94.4%
Replace the 'X'BOD
94.4%
Replace the 'X'BOT
93.7%
Replace the 'B'SOX
93.1%
Replace the 'X'BOA
92.7%
Replace the 'X'BOB
92.7%
Hint Answer % Correct
Replace the 'X'BOP
92.7%
Replace the 'X'BOW
91.8%
Replace the 'B'POX
91.6%
Replace the 'X'BOG
91.4%
Replace the 'X'BOY
90.9%
Replace the 'X'BOS
90.5%
Replace the 'B'VOX
85.5%
Replace the 'X'BOO
84.9%
Replace the 'B'GOX
84.2%
Remove Ads.
Support Sporcle.
Get the best of Sporcle when you Go Orange. This ad-free experience offers more features, more stats, and more fun while also helping to support Sporcle. Thank you for becoming a member.

You're not logged in!

Compare scores with friends on all Sporcle quizzes.
OR
Log In

Show Comments

Extras

Top Quizzes Today


Score Distribution

Your Account Isn't Verified!

In order to create a playlist on Sporcle, you need to verify the email address you used during registration. Go to your Sporcle Settings to finish the process.

Report this User

Report this user for behavior that violates our Community Guidelines.

Details: